| 000 | 00581nam a2200145 4500 | ||
|---|---|---|---|
| 999 |
_c17723 _d17723 |
||
| 008 | 221213b ||||| |||| 00| 0 eng d | ||
| 020 | _a9781788925334 | ||
| 082 |
_22019 _aDC 418.0071 _bL269 |
||
| 245 |
_aL2 grammatical representation and processing : _btheory and practice / _cEdited by Deborah Arteaga. |
||
| 260 |
_aBristol : _bMultilingual Matters, _c©2019. |
||
| 300 |
_aix, 170 pages : _billustrations ; _c23 cm. |
||
| 500 | _aIncludes bibliographical references and index. | ||
| 650 |
_aFrench language _xGrammar _vStudy and teaching _xForeign speakers. _947050 |
||
| 942 |
_2ddc _cDC |
||